000 00579nam a2200229Ia 4500
003 OSt
005 20220928151243.0
006 a|||||r|||| 00| 0
007 ta
008 220927b |||||||| |||| 00| 0 eng d
024 _a121925
037 _cTextual
040 _aSDCL
_cSDCL
_beng
041 _2eng
_aeng
082 _aB43, M2
100 _aRicci Fulvio Ed.
_9516577
245 0 _aHarmonic analysis.
260 _c1982
700 _a Weiss Guido Ed.
_9516578
942 _hB43, M2
_cTEXL
_2CC
999 _c850432
_d850432